| 000 | 00641nam a2200181 i 4500 | ||
|---|---|---|---|
| 001 | 63788 | ||
| 003 | ES-MaACL | ||
| 005 | 20250905063042.0 | ||
| 007 | t| | ||
| 008 | 031216s1952 sp ||||1| spa d | ||
| 100 | 1 |
_aFigueras Pacheco, Francisco, _d1880-1960 _950766 |
|
| 245 | 1 | 0 |
_aAlicante bajo los Reyes de Castilla _b: de Fernando III, el Santo a Fernando IV, el Emplazado : (1241-1296) / _cpor Francisco Figueras Pacheco. |
| 260 |
_aAlicante : _b[s.n., _c1952] ( _fGutenberg) |
||
| 300 |
_a173 p., 9 lám. ; _c22 cm. |
||
| 651 | 4 |
_aAlicante- _xHistoria. _97681 |
|
| 852 |
_aES-MaACL _jC-6204 _bR.35378 |
||
| 999 |
_c63788 _d63788 |
||